Dejiny reformácie na Slovensku

Podrobná bibliografia
Hlavný autor: Kvačala, Ján Radomil, 1862-1934 (Autor)
Médium: Kniha
Jazyk:slovenčina
PhysicalDescription:303 strán, xvi faksimile, fotografie 24 cm
Vydavateľské údaje: V Liptovskom Svätom Mikuláši Tranoscius 1935
Edícia:Podielová kniha Hurbanovej evanjelickej literárnej spoločnosti na rok 1935
Predmet:

MARC

LEADER 00000cam a2200000 a 4500
001 vtls008381759
003 SK-MaSNL
005 20260302053115.0
008 010901s1935 xo ho frn 001 0 slo
015 |a SNBA19191938-006075 
020 |q (brožované) 
035 |a SK01SNKBSKHR20010073976 
035 |a SKM000076439 
040 |a SNK  |b slo  |c SNK  |e AACR2 
041 0 |a slo 
043 |a e-xo--- 
044 |a xo  |c SK 
072 7 |a 27-9  |x Dejiny kresťanskej cirkvi  |2 konspekt 
072 7 |a 94(437.6)  |x Dejiny Slovenskej republiky  |2 konspekt 
080 |a 27-9"14/15"  |2 2011 
080 |a 27-9  |2 2011 
080 |a 94(437.6)  |2 2011 
080 |a (048.8)  |2 2011 
100 1 |a Kvačala, Ján Radomil,  |d 1862-1934  |4 aut  |9 160353 
245 1 0 |a Dejiny reformácie na Slovensku  |c napísal Ján Kvačala 
246 1 3 |a Dejiny reformácie na Slovensku 1517-1711 
260 |a V Liptovskom Svätom Mikuláši  |b Tranoscius  |c 1935 
300 |a 303 strán, xvi  |b faksimile, fotografie  |c 24 cm 
366 |e 2000 kusov 
490 1 |a Podielová kniha Hurbanovej evanjelickej literárnej spoločnosti na rok 1935  |v č. 33 
500 |a Ďalší variantný názov: Dejiny reformácie na Slovensku 1517-1711 
500 |a Poznámky pod čiarou. Opravy 
504 |a Obsahuje bibliografické odkazy a menný a miestny register 
610 2 7 |a Evanjelická cirkev a.v.  |2 SNKKA  |9 32425 
648 7 |a 1517-1711  |2 SNKPH  |9 682596 
650 0 7 |a reformácia  |2 SNKPH  |9 247352 
650 0 7 |a cirkevné dejiny  |2 SNKPH  |9 3909 
651 7 |a Slovensko  |x dejiny  |2 SNKPHgeo  |9 13278 
655 7 |a štúdie  |2 SNKPH  |9 57033 
655 7 |a monografie  |2 SNKPH  |9 70139 
752 |a Slovensko  |d Liptovský Mikuláš 
830 0 |a Podielová kniha Hurbanovej evanjelickej literárnej spoločnosti na rok 1935  |9 710675 
852 |a Slovenská národná knižnica 
954 |a odborná, vedecká literatúra pôvodná (slovenská)  |2 lita 
954 |a duchovná literatúra pôvodná (slovenská)  |2 lita 
958 |a RK 
958 |a TL 
958 |a ONDV 
958 |a NT 
958 |a NB 
999 |c 1108024  |d 1109954 
952 |a SNKPRIRUCN  |b SNKPULT  |y VYP  |7 0  |p 17A0102647  |o snkSC 1859 D2  |i snkXI. 595/55  |0 0  |1 0  |4 0  |d 1997-10-10  |l 1  |q 2026-08-18  |r 2026-03-27 14:15:19  |s 2026-03-27  |w 2026-02-24 
952 |a SNK  |b SNK  |y PREZ  |7 0  |p 17A0229079  |o snkSC 1859  |i snk3042/35  |0 0  |1 0  |4 0  |d 2000-02-18  |l 0  |r 2025-06-11 00:00:00  |w 2026-02-24 
952 |a SNK  |b SNK  |y VYP  |7 0  |p 17A0084049  |o snkSC 1859 D1  |i snkVI. 2251/55  |3 Poškodený chrbát väzby, prelepené strany lepiacou páskou, popísané strany.  |0 0  |1 0  |4 0  |d 1997-07-23  |l 0  |r 2005-01-02 00:00:00  |w 2026-02-24